000 nam a22 i 4500
999 _c24568
_d24568
003 WA 310
005 20211124110741.0
007 cr an nnnanaaa
008 180613s2018 pl a fou |000 0 eng d
040 _aWA 310/bw
_bpol
_erda
_cWA 310/bw
_dWA 310/bw
041 0 _aeng
_apol
245 0 0 _aAtmosfery wybuchowe - Część 7: Zabezpieczenie urządzeń za pomocą budowy wzmocnionej "e" =
_bExplosive atmospheres - Part 7: Equipment protection by increased safety "e" PN-EN 60079-7:2016-02/A1:2018-03E /
_cPolski Komitet Normalizacyjny.
246 1 3 _aPN-EN 60079-7:2016-02/A1
246 1 3 _aICS 29.260.20
246 1 3 _aZmiana do Polskiej Normy
246 3 1 _aExplosive atmospheres - Part 7: Equipment protection by increased safety "e"
260 _aWarszawa :
_bPolski Komitet Normalizacyjny,
_ccopyright 2018.
300 _a14 stron :
_bilustracje ;
_c30 cm.
336 _aTekst
_btxt
_2rdacontent
337 _aKomputer
_bc
_2rdamedia
338 _aDokument online
_bcr
_2rdacarrier
500 _aTytuł z ekranu tytułowego.
500 _aWprowadza EN IEC 60079-7:2015/A1:2018, IDT ; IEC 60079-7:2015/A1:2017, IDT. Zatwierdzona 23 marca 2018 r.
500 _aZmiana do Normy Europejskiej EN IEC 60079-7:2015/A1:2018 [...] ma status Zmiany do Polskiej Normy.
530 _aDostępne wyłącznie w formie elektronicznej.
538 _aTryb dostępu: online.
546 _aTekst w języku angielskim, strona tytułowa w języku polskim.
590 _6Status: aktualna.
710 1 _aPolska.
_bPolski Komitet Normalizacyjny.
_eInstytucja sprawcza
_eWydawca
_4pbl
_91107
942 _2ddc
_cBK